Vliv nových technologií na trestní právo

Podrobná bibliografia
Ďalší autori: Gřivna, Tomáš, 1975- (Editor), Richter, Martin, 1991- (Editor), Šimánová, Hana (Editor)
Médium: Kniha
Jazyk:čeština
slovenčina
Fyzický popis:437 strán ilustrácie 22 cm
Vydavateľské údaje: Praha Auditorium 2022
ISBN:9788087284957
Predmet:

MARC

LEADER 00000cam a2200000 4500
001 vtls012225091
003 SK-MaSNL
005 20260425231331.0
008 230316s2022 xr a frn 000 0 cze
015 |a SNBZSA2024/09 
020 |a 9788087284957  |q (viazané) 
040 |a SNK  |b slo  |c SNK  |e rda 
041 0 |a cze  |a slo  |b eng  |b slo 
043 |a e-xr---  |a e-xo--- 
044 |a xr  |c CZ 
072 7 |a 343  |x Trestné právo  |2 konspekt 
080 |a 343  |2 2011 
080 |a 004  |2 2011 
080 |a 004+621.39  |2 2011 
080 |a 34  |2 2011 
080 |a 343.3/.7:004  |2 2011 
080 |a 347.94  |2 2011 
080 |a 347.94:004.738  |2 2011 
080 |a (437.3)  |2 2011 
080 |a (437.6)  |2 2011 
080 |a (048.8:082)  |2 2011 
245 0 0 |a Vliv nových technologií na trestní právo  |c Tomáš Gřivna, Martin Richter, Hana Šimánová (eds.) 
264 1 |a Praha  |b Auditorium  |c 2022 
300 |a 437 strán  |b ilustrácie  |c 22 cm 
336 |a text  |b txt  |2 rdacontent 
337 |a bez média  |b n  |2 rdamedia 
338 |a zväzok  |b nc  |2 rdacarrier 
500 |a Obsahuje zoznam autorov a ich profesijné pôsobenie 
504 |a Obsahuje bibliografiu na strane 407-437 a bibliografické odkazy 
546 |a Anglické a slovenské resumé. Čiastočný text v slovenčine 
650 0 7 |a trestné právo  |2 SNKPH  |9 984 
650 0 7 |a počítačová kriminalita  |2 SNKPH  |9 76061 
650 0 7 |a digitalizácia  |2 SNKPH  |9 19296 
650 0 7 |a informačné a komunikačné technológie  |2 SNKPH  |9 81648 
650 0 7 |a dokazovanie (právo)  |2 SNKPH  |9 78643 
650 0 7 |a elektronické dokazovanie  |2 SNKPH  |9 446284 
650 0 7 |a Criminal law  |2 SNKPHeng  |9 266961 
650 0 7 |a Computer crimes  |2 SNKPHeng  |9 316683 
650 0 7 |a Digitization  |2 SNKPHeng  |9 311353 
650 0 7 |a Information and communication technology  |2 SNKPHeng  |9 274495 
650 0 7 |a Evidence (law)  |2 SNKPHeng  |9 339608 
650 0 7 |a právne predpisy  |2 SNKPH  |9 1155 
650 0 7 |a Legal aspects  |2 SNKPHeng  |9 339638 
651 7 |a Česko  |2 SNKPHgeo  |9 16753 
651 7 |a Slovensko  |2 SNKPHgeo  |9 14231 
651 7 |a Czechia  |2 SNKPHeng  |9 170107 
651 7 |a Slovakia  |2 SNKPHeng  |9 92630 
655 7 |a kolektívne monografie  |2 SNKPH  |9 249850 
655 7 |a Collective monographs  |2 SNKPHeng  |9 125747 
700 1 |a Gřivna, Tomáš,  |d 1975-  |4 edt  |9 135656 
700 1 |a Richter, Martin,  |d 1991-  |4 edt  |9 446285 
700 1 |a Šimánová, Hana  |4 edt  |9 446286 
852 |a Slovenská národná knižnica 
919 |a 978-80-87284-95-7 
954 |a odborná, vedecká literatúra cudzojazyčná (svetová)  |2 lita 
954 |a odborná, vedecká literatúra pôvodná (slovenská)  |2 lita 
958 |a ZS 
958 |a NB 
999 |c 701404  |d 703334 
952 |a SNK  |b SNK  |y PREZ  |7 0  |p 17A1529864  |o snkSC 207529  |i snk2024/11908  |8 4  |g 23.99  |0 0  |1 0  |4 0  |d 2023-10-11  |l 0  |r 2025-10-31 00:00:00  |w 2026-02-23